| 000 | 01149namaa2200301 i 4500 | ||
|---|---|---|---|
| 003 | EG-GICUC | ||
| 005 | 20251123121701.0 | ||
| 008 | 251123s1994 ua |||jr|||| 000 0 ara d | ||
| 017 |
_a94 / 10070 _bدار الكتب والوثائق القومية (مصر) |
||
| 020 | _a9772390728 | ||
| 040 |
_aEG-GiCUC _bara _cEG-GiCUC _dEG-GiCUC _erda |
||
| 082 | 0 | 4 |
_221 _a366 _bQ11 |
| 092 | 0 | 4 |
_221 _a366 _bQ11 |
| 099 | _a366 Q11 | ||
| 100 | 1 |
_aقنديل، أماني _eمؤلف. |
|
| 245 | 1 | 2 |
_aالمجتمع المدنى فى العالم العربى : _bدراسة للجمعيات الأهلية العربية / _cأمانى قنديل. |
| 264 |
_aالقاهرة(مصر) : _bمنظمة التحالف العالمى لمشاركة المواطن، _c1994. |
||
| 300 |
_a136 صفحة ؛ _c21 سم |
||
| 336 |
_2rdacontent _atext |
||
| 337 |
_2rdamedia _aUnmediated |
||
| 338 |
_2rdacarrier _avolume |
||
| 504 | _a123-117 ببليوجرافيا: صفحات. | ||
| 541 |
_aد. جابر عصفور ؛ _bالقاهرة ؛ _cإهداء ؛ _d2024. |
||
| 650 | 1 | 7 |
_aالجمعيات _2qrmak |
| 651 | 1 | _2qrmak | |
| 905 | _aAya | ||
| 942 |
_2ddc _cBK _e21 _n0 |
||
| 999 |
_c176113 _d176113 |
||